00820 2200277 4500001002100000005001500021035002000036007000300056008004100059020001800100082001300118084001400131084001600145100003400161245009000195250001200285300003800297650002700335650002800362264005200390336002100442337003000463338002300493990001300516990001300529INLIS00000000112184520251217041637 a0010-1225000025ta251217 a 1 ind a9786342490587 a658.4012 aEPFA 4448 aD EPFA 44480 aIcuk Rangga BawonoePengarang1 aManajemen Strategik Organisasi Publik :b1-9 / EPFA4448 / 3 SKS /cIcuk Rangga Bawono aEdisi 1 a469 halaman :bilustrasi ;c27 cm 4a1. Manajemen Strategik 4a2. Strategic Management aTangerang Selatan :bUniversitas Terbuka,c2025 2rdacontentaTeks 2rdamediaaTanpa Perantara 2rdacarrieraVolume a25/30129 a25/90129